000 00632nam a22002177a 4500
005 20251108173557.0
008 250721s2006 xx 000 0 ara d
020 _a9773041948
082 1 4 _aط/372.242/جرو
100 1 _aجروفي، آني
245 1 0 _aتيمور و البيئة /
264 1 _aالقاهره :
_bدار الياس العصرية،
_c2006.
300 _a55ص.
490 0 _aتيمور
650 1 7 _aالاطفال
650 1 7 _aالتعلم
653 _aاطفال مرحله متوسطه (6-9) سنوات
700 1 _aجمال، باتسي
_eمترجم
942 _2ddc
_cBK
999 _c107275
_d107275